000
00297nam a2200109Ia 4500
008
171211s9999 xx 000 0 und d
245
_a
Character Costume Figure Drawing
245
_c
Tan Huaixiang
260
_c
2004
650
_x
Drawing
856
_u
http://down.ebook777.com/008/9780240805344.pdf
999
_c
347994
_d
347994